| 000 | 00385nam a2200121Ia 4500 | ||
|---|---|---|---|
| 008 | 201214s9999 xx 000 0 und d | ||
| 100 | _aHenry, Arnold K. and Miller, Sidney L. | ||
| 245 | 0 | _aTransportation and Traffic Management (Modern Business : A Series of Texts Prepared as Part of the | |
| 260 | _aNew York | ||
| 260 | _bAlexander Hamilton Institute | ||
| 300 | _a381 | ||
| 942 | _cBK | ||
| 999 |
_c5645 _d5645 |
||